Major League Sports Teams: Non-city Names - Statistics

General Stats
  • This quiz has been taken 57 times
    53 since last reset
  • The average score is 12 of 19
Answer Stats
Answer % Correct
New England Patriots
79%
Carolina Panthers
74%
Florida Panthers
74%
Arizona Cardinals
72%
Minnesota Vikings
70%
Minnesota Timberwolves
67%
Minnesota Twins
65%
Tennessee Titans
65%
Texas Rangers
65%
Utah Jazz
65%
Colorado Rockies
63%
Golden State Warriors
63%
Carolina Hurricanes
60%
Minnesota Wild
60%
Arizona Diamondbacks
56%
New Jersey Devils
56%
Indiana Pacers
49%
Utah Hockey Club
49%
Colorado Avalanche
47%
No matching quizzes found
Score Distribution
Percent of People with Each Score
Percentile by Number Answered
Your Score History
You have not taken this quiz since the last reset